00564nam a2200193 a 4500001001300000003000900013005001700022008004100039020002600080082001300106100002400119245004500143260004500188300000900233500003500242505004100277650002800318700002400346nice12345678IN_TiNIC20260116013942.0050524s1984 chia grp 000 0 eng  a0226972 c928.2500a296bALE aAlexander, Philip S aTextual Sources for the Study of Judaism aChicagobChicago University Press c1984 a198p aincludes index and biblioraphy2 aNotes, Bibliography, Glossary, Index aJudaism-History-Sources1 aAlexander, Philip S